000 00616cam3a220020500 4500
001 tmp15775558
003 UPRA
005 20190823112810.0
008 951025s1959 za f eng u
035 _a(Sirsi) r44889
035 _a(UPRA)tmp15775558
040 _cUPRA
041 1 _aengund und
_hengund und
110 1 _bDevelopment Commissioner c8.1..20.8
_6A2457.1
245 1 0 _aProgress at Mungwi =
_bUbuyantanshi ku Mungwi.
260 _aNdola :
_bRhodesian Printers,
_c[1959?]
651 0 _aMungwi, Zambia (Northern province)
_6S1671.1
949 _a(O2) 1959/12
_wlcc
_mMAIN
_tBOOK
_lON-SHELF
004 44889
999 _c153756
_d153756